Fini les paroles : L2B - Statistiques

Statistiques générales
  • Ce quiz a été pris 165 fois
  • Le résultat moyen est 10 sur 30
Statistiques - réponses
Chansons Nombre de mots manquants Paroles Réponse % Correct
Movie 3 J'veux tout emballer Tout pour ma famille d'abord Sois bien renseignée si tu... Montes à bord
90%
Billionaire 2 J'ai chargé J'ai un paquet d'tunes et un truc sur moi Qui peut mettre ta vie... En danger
83%
Overbooking 2 Une fake life remplie d'ennuis J'pense qu'à moi d'puis qu'j'suis busy On se verra quand j'aurai du... Temps libre
71%
Pélican 1 J'suis en roue libre Si tu gigotes, on éteint la bougie Faut pas toucher, t'auras des... Ennuis
60%
Tendance 2 Le téléphone sonne
Don Mitch, je suis en tendance
Lors du contrôle d'identité, il prend une pic pour...
Ses enfants
56%
Amis d'enfance 1 Ça l'a braqué direct même pas un coucou J'fais des sous j'ai même plus l'temps pour casser des gueules Si y a un plavon j'prends le deuxième... Apple
53%
La Zone 3 J'sais qu'ça va marcher, j'suis pas pressé Les quatre saisons, j'me suis mis en danger pour l'papier C'était la musique ou finir en... Maison d'arrêt
49%
Only 3 J'ai tout niarami, dans ma te-tê J'mélange tout vient on s'parle après J'peux pas vivre ma... Vie en paix
47%
Jump 1 Boom, ça part en click-boom J'suis déjà plus là demande à Goose (boom) Boom, j'suis à Bali ou à... Malibu
44%
Point G 2 J'me sens moins étranger quand j'suis dans les coins huppés J'me sens comme à la kire, j'me sens comme à la maison Genre j'me sens pas... Hors sujet
40%
Money 2 J'oublie pas ma page, j'suis toujours à la tess Tu peux m'voir dans une Benz en train de fumer un pet' J'me prends plus la tête, j'mets un prix sur ta tête, tête, j'suis un... Loup solitaire
38%
Touché Coulé 2 Mais je vais pas gâcher la fête, oh non, je peux pas t'étonner Après deux, trois dates, elle veut déjà la Daytona Je lui fais fumer la beuh comme... Bob Marley
35%
Tourner en Rond 1 Ça m'fait du mal qu'on s'éloigne J'reviens malgré les tentatives J'suis toujours dans le... Bâtiment
32%
Tout Pour L'équipe 4 Que des GOATs, c'est quoi? T'as pas vu la chèvre? Tout mon liquide, j'ai fait que donner J'veux le beurre, manger la... Chair de la chair
30%
Bitume 1 J'ai perdu ma confiance, j'l'ai trop donné à ceux qui fallait pas
Mais ils ont jamais cru en moi, au jour d'aujourd'hui, j'ai fait c'qu'ils ont pas fait
Et c'est aujourd'hui qu'ils...
Reviennent
28%
Freestyle CKO 1 Du papel à gérer, des contrats à rendre J'ai vécu dans des sales histoires J'ai trop vendu le produit d'... Afghanistan
26%
Book III 2 Ah, ça me démange pas faire le ménage Celui qui teste on le démonte J'les dépasse tous dans la... File indienne
22%
Cama/Sosa 3 Casser la vitre, vitre Mais comment? Mais comment? Mais comment? Faut pas qu'j'loupe le camion, j'... Récupère la commande
20%
Trahison 2 Si on s'fait pét', on prend minimum cinq piges J'ai piqué un gars dans la foulée, foulée Faut piquer d'ici, y a... Les poulets
18%
Boom ! 2 Je vois plus personne quand ça fait (vroum) Ils sont pas vrais, c'est des fictions Fermé, fermé que... Des bénédictions
16%
Toute La Night 1 Ils respectent plus les codes, c'est plus comme à l'époque J'ai eu besoin d'personne pour me remplir les poches Dans la street, y a pas d'prof, c'est pas comme à l'... Ecole
15%
Tu M'en Veux 3 Toi, tu m'parles de tes affaires Un peu d'cons' et j'quitte à CDG J'fume un gros joint, j'... Quitte la terre
15%
Méchant 4 Level up jamais, tu m'vois stagner Ce qu'on raconte, c'est nos vies pas du cinéma J'ai pris mon mal en patience, j'repense au... Passé sur le bateau
14%
Tout Recommencer 1 J'ai un brelic j'suis toujours là en gang shit J'arrive sur la piste en ngatie abedi J'sors du restau en Bumpy ou du dépôt en... Belgique
10%
Bueno 2 Impatient comme un taulard qui attend son paquetage Je peux te laisser au sol pour le respect Je peux te laisser par terre si tu prends la... Grosse tête
9%
Noir 2 Trou d'boulette a troué mon cœur Mais, impliqué on revend la skunk J'me dois d'tout niquer j'dois rendre fière... Ma soeur
9%
Daily Paper 5 Johnson, quand on tire, c'est au Uzi Bang-bang-bang, coup d'cric C'est le procédé si... Tu touches à ma clique
9%
Mec D'ici 2 Coup d'porte, gardav, dépôt, placard, j'veux pas d'cette vie J'ai pas encore claqué mon liquide, j'veux voir papa tout en Louis V J'ai pas encore enlevé ma cagoule, mais la conne veut déjà... Un selfie
8%
5 étoiles 1 J'ai enchainé les passes, les reprises, pardon, j'suis pas héritier d'une grande entreprise Toujours eu la maîtrise, le danger, j'le méprise Sous l'emprise de la drogue, j'fais une... Crise
3%
Pour Toi 3 J'ai la haine pour me calmer, j'me roule un pur d'Tanger Pas pour la fame que je l'ai vendue, il fallait bien manger J'vendais la douce de Rotterdamn maintenant j'peux compter... Sur mes fans
2%
Aucun quiz correspondant
Distribution des résultats
% des personnes avec chaque résultat
Percentile par nombre de réponses
Votre historique - résultats
Vous n’avez pas pris ce quiz